<?xml version="1.0" encoding="UTF-8"?>
<collection xmlns="http://www.loc.gov/MARC21/slim">
 <record>
  <leader>02415nam a22002897a 4500</leader>
  <controlfield tag="001">NCT_3788</controlfield>
  <controlfield tag="008">171014b        xxu||||| |||| 00| 0 vie d</controlfield>
  <datafield tag="999" ind1=" " ind2=" ">
   <subfield code="c">191</subfield>
   <subfield code="d">191</subfield>
  </datafield>
  <datafield tag="082" ind1="1" ind2="4">
   <subfield code="2">22rd ed.</subfield>
   <subfield code="a">340.615</subfield>
   <subfield code="b">H116</subfield>
  </datafield>
  <datafield tag="100" ind1="1" ind2=" ">
   <subfield code="a">Nguyễn Thị Thái Hằng</subfield>
  </datafield>
  <datafield tag="245" ind1="1" ind2="0">
   <subfield code="a">Pháp chế dược</subfield>
   <subfield code="b">Dùng cho đào tạo dược sĩ Đại học</subfield>
   <subfield code="c">Nguyễn Thị Thái Hằng, Lê Việt Hùng</subfield>
  </datafield>
  <datafield tag="250" ind1=" " ind2=" ">
   <subfield code="a">Tái bản lần nhất</subfield>
  </datafield>
  <datafield tag="260" ind1=" " ind2=" ">
   <subfield code="a">H.</subfield>
   <subfield code="b">Giáo dục Việt Nam</subfield>
   <subfield code="c">2013</subfield>
  </datafield>
  <datafield tag="300" ind1=" " ind2=" ">
   <subfield code="a">335 tr</subfield>
   <subfield code="c">27 cm</subfield>
  </datafield>
  <datafield tag="520" ind1=" " ind2=" ">
   <subfield code="a">Nội dung sách bao gồm: hệ thống hóa các văn bản pháp lý có liên quan đến ngành nghề dược ở Việt Nam; luật bảo vệ sức khỏe nhân dân, luật dược, luật khám chữa bệnh; quy định đăng ký thuốc,...</subfield>
  </datafield>
  <datafield tag="700" ind1=" " ind2=" ">
   <subfield code="a">Lê Việt Hùng</subfield>
  </datafield>
  <datafield tag="942" ind1=" " ind2=" ">
   <subfield code="2">ddc</subfield>
   <subfield code="c">BK</subfield>
  </datafield>
  <datafield tag="952" ind1=" " ind2=" ">
   <subfield code="0">0</subfield>
   <subfield code="1">0</subfield>
   <subfield code="2">ddc</subfield>
   <subfield code="4">0</subfield>
   <subfield code="6">340_615000000000000_H116</subfield>
   <subfield code="7">0</subfield>
   <subfield code="9">1055</subfield>
   <subfield code="a">000001</subfield>
   <subfield code="b">000001</subfield>
   <subfield code="d">2017-10-14</subfield>
   <subfield code="o">340.615 H116</subfield>
   <subfield code="p">MD.01065</subfield>
   <subfield code="r">2017-10-14</subfield>
   <subfield code="v">88000.00</subfield>
   <subfield code="w">2017-10-14</subfield>
   <subfield code="y">BK</subfield>
  </datafield>
  <datafield tag="952" ind1=" " ind2=" ">
   <subfield code="0">0</subfield>
   <subfield code="1">0</subfield>
   <subfield code="2">ddc</subfield>
   <subfield code="4">0</subfield>
   <subfield code="6">340_615000000000000_H116</subfield>
   <subfield code="7">0</subfield>
   <subfield code="9">1056</subfield>
   <subfield code="a">000001</subfield>
   <subfield code="b">000001</subfield>
   <subfield code="d">2017-10-14</subfield>
   <subfield code="o">340.615 H116</subfield>
   <subfield code="p">MD.01066</subfield>
   <subfield code="r">2017-10-14</subfield>
   <subfield code="v">88000.00</subfield>
   <subfield code="w">2017-10-14</subfield>
   <subfield code="y">BK</subfield>
  </datafield>
  <datafield tag="952" ind1=" " ind2=" ">
   <subfield code="0">0</subfield>
   <subfield code="1">0</subfield>
   <subfield code="2">ddc</subfield>
   <subfield code="4">0</subfield>
   <subfield code="6">340_615000000000000_H116</subfield>
   <subfield code="7">0</subfield>
   <subfield code="9">1057</subfield>
   <subfield code="a">000001</subfield>
   <subfield code="b">000001</subfield>
   <subfield code="d">2017-10-14</subfield>
   <subfield code="l">1</subfield>
   <subfield code="o">340.615 H116</subfield>
   <subfield code="p">MD.01067</subfield>
   <subfield code="r">2018-05-30</subfield>
   <subfield code="s">2018-05-15</subfield>
   <subfield code="v">88000.00</subfield>
   <subfield code="w">2017-10-14</subfield>
   <subfield code="y">BK</subfield>
  </datafield>
  <datafield tag="952" ind1=" " ind2=" ">
   <subfield code="0">0</subfield>
   <subfield code="1">0</subfield>
   <subfield code="2">ddc</subfield>
   <subfield code="4">0</subfield>
   <subfield code="6">340_615000000000000_H116</subfield>
   <subfield code="7">0</subfield>
   <subfield code="9">1058</subfield>
   <subfield code="a">000001</subfield>
   <subfield code="b">000001</subfield>
   <subfield code="d">2017-10-14</subfield>
   <subfield code="l">2</subfield>
   <subfield code="m">1</subfield>
   <subfield code="o">340.615 H116</subfield>
   <subfield code="p">MD.01068</subfield>
   <subfield code="r">2020-03-23</subfield>
   <subfield code="s">2020-03-03</subfield>
   <subfield code="v">88000.00</subfield>
   <subfield code="w">2017-10-14</subfield>
   <subfield code="y">BK</subfield>
  </datafield>
  <datafield tag="952" ind1=" " ind2=" ">
   <subfield code="0">0</subfield>
   <subfield code="1">0</subfield>
   <subfield code="2">ddc</subfield>
   <subfield code="4">0</subfield>
   <subfield code="6">340_615000000000000_H116</subfield>
   <subfield code="7">0</subfield>
   <subfield code="9">1059</subfield>
   <subfield code="a">000001</subfield>
   <subfield code="b">000001</subfield>
   <subfield code="d">2017-10-14</subfield>
   <subfield code="l">1</subfield>
   <subfield code="o">340.615 H116</subfield>
   <subfield code="p">MD.01069</subfield>
   <subfield code="r">2018-08-31</subfield>
   <subfield code="s">2018-08-23</subfield>
   <subfield code="v">88000.00</subfield>
   <subfield code="w">2017-10-14</subfield>
   <subfield code="y">BK</subfield>
  </datafield>
  <datafield tag="952" ind1=" " ind2=" ">
   <subfield code="0">0</subfield>
   <subfield code="1">0</subfield>
   <subfield code="2">ddc</subfield>
   <subfield code="4">0</subfield>
   <subfield code="6">340_615000000000000_H116</subfield>
   <subfield code="7">0</subfield>
   <subfield code="9">1060</subfield>
   <subfield code="a">000001</subfield>
   <subfield code="b">000001</subfield>
   <subfield code="d">2017-10-14</subfield>
   <subfield code="o">340.615 H116</subfield>
   <subfield code="p">MD.01070</subfield>
   <subfield code="r">2017-10-14</subfield>
   <subfield code="v">88000.00</subfield>
   <subfield code="w">2017-10-14</subfield>
   <subfield code="y">BK</subfield>
  </datafield>
  <datafield tag="952" ind1=" " ind2=" ">
   <subfield code="0">0</subfield>
   <subfield code="1">0</subfield>
   <subfield code="2">ddc</subfield>
   <subfield code="4">0</subfield>
   <subfield code="6">340_615000000000000_H116</subfield>
   <subfield code="7">0</subfield>
   <subfield code="9">1061</subfield>
   <subfield code="a">000001</subfield>
   <subfield code="b">000001</subfield>
   <subfield code="d">2017-10-14</subfield>
   <subfield code="l">2</subfield>
   <subfield code="o">340.615 H116</subfield>
   <subfield code="p">MD.01071</subfield>
   <subfield code="r">2020-03-05</subfield>
   <subfield code="s">2020-01-06</subfield>
   <subfield code="v">88000.00</subfield>
   <subfield code="w">2017-10-14</subfield>
   <subfield code="y">BK</subfield>
  </datafield>
  <datafield tag="952" ind1=" " ind2=" ">
   <subfield code="0">0</subfield>
   <subfield code="1">0</subfield>
   <subfield code="2">ddc</subfield>
   <subfield code="4">0</subfield>
   <subfield code="6">340_615000000000000_H116</subfield>
   <subfield code="7">0</subfield>
   <subfield code="9">1062</subfield>
   <subfield code="a">000001</subfield>
   <subfield code="b">000001</subfield>
   <subfield code="d">2017-10-14</subfield>
   <subfield code="l">1</subfield>
   <subfield code="o">340.615 H116</subfield>
   <subfield code="p">MD.01072</subfield>
   <subfield code="r">2018-05-30</subfield>
   <subfield code="s">2018-05-15</subfield>
   <subfield code="v">88000.00</subfield>
   <subfield code="w">2017-10-14</subfield>
   <subfield code="y">BK</subfield>
  </datafield>
  <datafield tag="952" ind1=" " ind2=" ">
   <subfield code="0">0</subfield>
   <subfield code="1">0</subfield>
   <subfield code="2">ddc</subfield>
   <subfield code="4">0</subfield>
   <subfield code="6">340_615000000000000_H116</subfield>
   <subfield code="7">0</subfield>
   <subfield code="9">1063</subfield>
   <subfield code="a">000001</subfield>
   <subfield code="b">000001</subfield>
   <subfield code="d">2017-10-14</subfield>
   <subfield code="o">340.615 H116</subfield>
   <subfield code="p">MD.01073</subfield>
   <subfield code="r">2017-10-14</subfield>
   <subfield code="v">88000.00</subfield>
   <subfield code="w">2017-10-14</subfield>
   <subfield code="y">BK</subfield>
  </datafield>
  <datafield tag="980" ind1=" " ind2=" ">
   <subfield code="a">Thư viện Trường Đại học Nam Cần Thơ</subfield>
  </datafield>
 </record>
</collection>
